Prosba k Samovi Chalupkovi

Bibliographic Details
Main Author: Handžárik, Július, 1930- (Author)
Format: Article
Language:Slovak
ISSN:0862-5999
Subjects:

MARC

LEADER 00000nab a2200000 a 4500
001 vtls000761488
003 SK-MaSNL
005 20260304104434.0
008 250429c2001 xo 0 slo
015 |a SNBRB2001/06-19925 
035 |a CLN000113275 
035 |a urn:nbn:sk:snk-abah4w 
035 |a (urnnbn)urn:nbn:sk:snk:ar-008p22 
035 |a (uuid)07c10b5b-79a4-42dd-97a3-f357683e52ad 
040 |a SNKBUCL  |b slo  |c SNKBUCL  |e AACR2 
041 0 |a slo 
044 |a xo  |c SK 
080 |a 800.6:808.54-31  |2 1997 
080 |a 808.54-06  |2 1997 
100 1 |a Handžárik, Július,  |d 1930-  |4 aut  |9 246431 
245 1 0 |a Prosba k Samovi Chalupkovi  |c Július Handžárik 
650 0 7 |a slovenčina  |2 SNKPH  |9 1350 
650 0 7 |a jazyková kultúra  |2 snkbucl  |9 1395 
650 0 7 |a slovná zásoba  |2 snkbucl  |9 66837 
650 0 7 |a purizmus  |2 snkbucl  |9 112804 
655 7 |a články z novín a časopisov  |2 snkbucl  |9 267496 
773 0 |t Literárny týždenník  |g Roč. 14, č. 10 (2001), s. 4-5  |x 0862-5999 
850 |a Slovenská národná knižnica 
852 |a Slovenská národná knižnica 
954 |a odborná, vedecká literatúra pôvodná (slovenská)  |2 lita 
958 |a article14 
958 |a SK 
958 |a OND 
958 |a EUIPO 
992 |a RBX 
999 |c 2851727  |d 2853657